LDR 01008naa#a2200181#i#450# 001 RU\INFRA-M\bibl\118275 005 20260429173259.3 011 ## _a2587-9111 100 ## _a20260417b2026####ek#y0rusy0150####ca 102 ## _aRU 200 1# _aПерспективы реализации стартапов многофункциональных проектов и их масштабирования в условиях ограниченного спроса на территориях малых населенных пунктов _eЖурнальная статья 210 1# _aМосква _cОбщество с ограниченной ответственностью «Научно-издательский центр ИНФРА-М» _d2026 215 ## _a6 с. 608 ## _aЖурнальная статья _2local 675 ## _aУслуги для домашнего хозяйства и в его сфере. 338.467.4 _z 700 #1 _aПомялова _gЕ. Е. 700 #1 _aШишкин _gА. Н. 856 4# _anaukaru.ru _u